Statistics for Doctor Who Trivia #2

Click here to take the quiz!

General Stats

  • This quiz has been taken 190 times
  • The average score is 9 of 10

Answer Stats

QuestionAnswer% Correct
What is companion Amy's surname?Pond
99%
What is the name of the Doctor's trusty robot dog?K-9
98%
What species is the Doctor?Time Lord
98%
Which companion's grandad is Wilf Mott?Donna Noble
97%
Which actor played the Twelfth Doctor?Peter Capaldi
97%
Which actor played the Ninth Doctor?Christopher Eccleston
95%
What is the battlecry of the Daleks?Exterminate!
93%
Which aliens come from Raxacoricofallapatorious?Slitheen
89%
Which Doctor did Jon Pertwee portray?Third
88%
Which actor played Rory Williams?Arthur Darvill
76%

Score Distribution

Percentile by Number Answered

Percent of People with Each Score

Your Score History

You have not taken this quiz